[Event "61st World Juniors 2024"]
[Site "Gandhinagar IND"]
[Date "2024.06.07"]
[Round "6.49"]
[White "Halynyazov, Vepaly"]
[Black "Yohan Yadav Tarala"]
[Result "1/2-1/2"]
[WhiteElo "2058"]
[BlackElo "1810"]
[WhiteFideId "14004020"]
[BlackFideId "33385300"]
[EventDate "2024.06.02"]

1. d4 d5 2. c4 e6 3. Nf3 Nf6 4. Bg5 Bb4+ 5. Nc3 h6 6. Bd2 dxc4 7. e3 c5 8. Bxc4
cxd4 9. Qa4+ Nc6 10. Nxd4 Qb6 11. Nxc6 bxc6 12. O-O O-O 13. Rfd1 Bb7 14. a3 Be7
15. Ne2 c5 16. Ba5 Bc6 17. Bxb6 Bxa4 18. b3 axb6 19. bxa4 Rxa4 20. Bb5 Ra7 21.
a4 Ne4 22. Rab1 Nd6 23. Nc3 Nxb5 24. Rxb5 Bf6 25. Ne4 Rxa4 26. Nxf6+ gxf6 27.
Rxb6 Rc8 28. Rb2 c4 29. Rc2 Kg7 30. Kf1 1/2-1/2

[Event "61st World Juniors 2024"]
[Site "Gandhinagar IND"]
[Date "2024.06.07"]
[Round "6.50"]
[White "Mizzi, Jack"]
[Black "Rohith S"]
[Result "0-1"]
[WhiteTitle "CM"]
[WhiteElo "2051"]
[BlackElo "1866"]
[WhiteFideId "5602521"]
[BlackFideId "45075360"]
[EventDate "2024.06.02"]

1. d4 Nf6 2. c4 g6 3. g3 Bg7 4. Bg2 O-O 5. Nf3 d6 6. O-O Nbd7 7. Qc2 e5 8. Rd1
Qe7 9. Nc3 c6 10. e4 exd4 11. Nxd4 Nc5 12. Bf4 Rd8 13. Rac1 Ng4 14. Nce2 a5 15.
h3 Ne5 16. Be3 Ned7 17. b3 Na6 18. Qd2 Ndc5 19. Nc3 a4 20. Rb1 axb3 21. axb3 Nc7
22. Qc2 f5 23. h4 Nxe4 24. Nxe4 fxe4 25. Bxe4 d5 26. cxd5 Nxd5 27. Bg5 Bf6 28.
Re1 Qf7 29. Qc5 Bxg5 30. hxg5 Ra2 31. Re2 Rxe2 32. Nxe2 Qf8 33. Qa5 Be6 34. Qa7
Qf7 35. Nd4 Nc3 36. Nxe6 Qxe6 37. Qa5 Ne2+ 38. Kh2 Rb8 39. f3 Qd6 40. Qe1 Nd4
41. Kg2 b6 42. Qe3 Ra8 43. Rd1 Ra2+ 44. Rd2 Nf5 45. Bd5+ Kf8 46. Qc3 Qxg3+ 47.
Kf1 Rxd2 48. Qf6+ Ke8 49. Bxc6+ Rd7 50. Qe6+ Kf8 51. Qxd7 Qxg5 52. Qc8+ Kg7 53.
Qc7+ Ne7 54. Be4 Qf6 55. b4 h5 56. b5 Kh6 57. Bc6 Qa1+ 58. Kg2 Qb2+ 59. Kf1 Qc1+
60. Ke2 Qc2+ 61. Ke1 Qc3+ 62. Kf1 Qc5 63. Qf4+ Kg7 64. Be8 Nf5 65. Bd7 Qd6 66.
Qxd6 Nxd6 67. Kg2 Kf6 68. f4 Nf5 69. Kh3 Nd4 70. Kg3 Ke7 71. Bc8 Nxb5 72. Kh4
Kf6 73. f5 Nd6 74. fxg6 Nxc8 75. Kxh5 b5 76. Kh6 Ne7 0-1

[Event "61st World Juniors 2024"]
[Site "Gandhinagar IND"]
[Date "2024.06.07"]
[Round "6.51"]
[White "Piyush, Kumar"]
[Black "Oluka Robert Mcligeyo"]
[Result "0-1"]
[WhiteElo "1795"]
[BlackElo "2050"]
[WhiteFideId "25674927"]
[BlackFideId "10814647"]
[EventDate "2024.06.02"]

1. e4 e5 2. Nf3 Nc6 3. Bc4 Bc5 4. d3 Nf6 5. c3 O-O 6. O-O d5 7. exd5 Nxd5 8. Re1
Bg4 9. Nbd2 Nb6 10. h3 Bh5 11. Bb3 Qxd3 12. Nxe5 Qf5 13. Nef3 Rae8 14. Bc2 Bxf3
15. Qxf3 Qxc2 0-1

[Event "61st World Juniors 2024"]
[Site "Gandhinagar IND"]
[Date "2024.06.07"]
[Round "6.52"]
[White "Dishank Sachin Bajaj"]
[Black "Matsumura, Cocoro"]
[Result "1-0"]
[WhiteElo "1893"]
[BlackElo "2032"]
[WhiteFideId "25953036"]
[BlackFideId "36087114"]
[EventDate "2024.06.02"]

1. b3 e5 2. Bb2 Nc6 3. e3 Nf6 4. Be2 d5 5. Nf3 Bd6 6. c4 O-O 7. d4 exd4 8. exd4
Re8 9. O-O Bg4 10. h3 Bh5 11. c5 Bf8 12. Nbd2 Ne4 13. Rc1 Qf6 14. Ne5 Bxe2 15.
Qxe2 Nxd2 16. Qxd2 Nxe5 17. dxe5 Qc6 18. Kh1 Rad8 19. Bd4 Qb5 20. f4 b6 21. b4
bxc5 22. bxc5 Rb8 23. f5 Kh8 24. Rf4 Qb4 25. Qe3 Qa4 26. Qd2 Rb4 27. e6 f6 28.
Rcf1 Rc4 29. Rc1 Rxc1+ 30. Qxc1 Qxa2 31. Qe3 Be7 32. Qf3 Rb8 33. Rh4 Qd2 34. Kh2
c6 35. Be3 Qe1 36. Qh5 h6 37. Bxh6 Qxh4 38. Qxh4 gxh6 39. Qxh6+ Kg8 40. Qg6+ Kh8
41. Qh5+ 1-0

[Event "61st World Juniors 2024"]
[Site "Gandhinagar IND"]
[Date "2024.06.07"]
[Round "6.53"]
[White "Sureka Akshat"]
[Black "Insara, S D Nadev"]
[Result "1/2-1/2"]
[WhiteElo "1972"]
[BlackElo "1874"]
[WhiteFideId "25774492"]
[BlackFideId "29932050"]
[EventDate "2024.06.02"]

1. b3 c5 2. Bb2 Nf6 3. Nf3 Nc6 4. g3 d5 5. Bg2 Qc7 6. O-O Bf5 7. d3 O-O-O 8.
Nbd2 e5 9. Qe1 h6 10. e4 dxe4 11. Nh4 Be6 12. Nxe4 Nd5 13. Nd2 g5 14. Nhf3 f6
15. Nc4 h5 16. h4 gxh4 17. Nxh4 Ndb4 18. Qe2 Bg4 19. f3 Be6 20. f4 Bg4 21. Qf2
Nd4 22. Bxd4 exd4 23. Rfe1 Rh7 24. a3 Nd5 25. Bxd5 Rxd5 26. Re8+ Rd8 27. Rae1
Be7 28. Rxd8+ Bxd8 29. Qg2 Re7 30. Re4 Qc6 31. Nd2 Bd1 32. Rxe7 Qxg2+ 33. Nxg2
Bxe7 34. Ne1 f5 35. Nc4 Kd7 36. Kf2 h4 37. Ne5+ 1/2-1/2

[Event "61st World Juniors 2024"]
[Site "Gandhinagar IND"]
[Date "2024.06.07"]
[Round "6.54"]
[White "Vihaan Karthikeya N"]
[Black "Eugen Mehul Shah"]
[Result "1-0"]
[WhiteElo "1936"]
[BlackElo "1744"]
[WhiteFideId "25950673"]
[BlackFideId "33444552"]
[EventDate "2024.06.02"]

1. d4 Nf6 2. c4 g6 3. Nc3 Bg7 4. e4 d6 5. Be2 O-O 6. Be3 e5 7. d5 Na6 8. g4 Nc5
9. f3 a5 10. h4 Bd7 11. Qd2 c6 12. Nh3 cxd5 13. cxd5 Rb8 14. Nf2 b5 15. h5 b4
16. Ncd1 Ne8 17. Nd3 Nxd3+ 18. Bxd3 Nc7 19. hxg6 fxg6 20. Qh2 Kf7 21. f4 Bxg4
22. fxe5 dxe5 23. Bc5 Rh8 24. Ne3 h5 25. Bc4 Qg5 26. Rf1+ Ke8 27. d6 Ne6 28. Qf2
Nf4 29. Nd5 Bd7 30. Rg1 Bg4 31. d7+ Kxd7 32. Rd1 Kc8 33. Be7 Qh6 34. Qc5+ Kd7
35. Nxf4+ 1-0

[Event "61st World Juniors 2024"]
[Site "Gandhinagar IND"]
[Date "2024.06.07"]
[Round "6.55"]
[White "Katta, Sriansh"]
[Black "Sharnarthi Shlok"]
[Result "0-1"]
[WhiteElo "1753"]
[BlackElo "1838"]
[WhiteFideId "30981034"]
[BlackFideId "25977776"]
[EventDate "2024.06.02"]

1. e4 d5 2. exd5 c6 3. dxc6 Nxc6 4. Nf3 e5 5. Nc3 Bd6 6. d4 exd4 7. Nxd4 Qe7+ 8.
Be3 Nf6 9. Nxc6 bxc6 10. Qd4 O-O 11. O-O-O Be5 12. Qc5 Qc7 13. g3 Bg4 14. Re1
Nd7 15. Qc4 Be6 16. Qa4 Bxc3 17. bxc3 Nb6 18. Qa5 Bd5 19. Rg1 Qd7 20. Bd3 Rab8
21. Rd1 Qg4 22. Bf4 Ra8 23. Rge1 h6 24. Re7 Bf3 25. Bf5 Qh5 26. Re5 Nc4 27. Bh7+
Kxh7 28. Rxh5 Nxa5 29. Rxa5 Bxd1 30. Kxd1 Rfd8+ 31. Kc1 Rd5 32. Ra6 Rc5 33. Kb2
g5 34. Bd6 Rb5+ 35. Kc1 Rf5 36. f4 Rf6 37. Be5 Re6 38. Bc7 Rc8 39. Be5 c5 40.
Rxa7 Kg6 41. g4 gxf4 42. Bxf4 Re4 43. Ra6+ f6 44. Bg3 Rxg4 45. Kb2 Re4 46. a4
Kg5 47. a5 f5 48. Rd6 f4 49. Rd5+ Kg4 50. Bf2 f3 51. Rxc5 Rxc5 52. Bxc5 f2 0-1

[Event "61st World Juniors 2024"]
[Site "Gandhinagar IND"]
[Date "2024.06.07"]
[Round "6.56"]
[White "Makwana, Devam"]
[Black "Bedi, Vaibhav"]
[Result "1/2-1/2"]
[WhiteElo "1820"]
[BlackElo "1706"]
[WhiteFideId "25632566"]
[BlackFideId "7501900"]
[EventDate "2024.06.02"]

1. e4 e5 2. Bc4 Nc6 3. Nc3 Nf6 4. d3 Bb4 5. Ne2 d5 6. exd5 Nxd5 7. O-O Nxc3 8.
Nxc3 Na5 9. Bb5+ c6 10. Ba4 b5 11. Bb3 Nxb3 12. axb3 Bxc3 13. bxc3 O-O 14. Re1
Re8 15. Qf3 Qf6 16. Qg3 Bf5 17. b4 h6 18. Ra6 Re7 19. Qf3 Rc7 20. Qe3 Re7 21.
Qc5 Bd7 22. d4 Rae8 23. d5 Qf5 24. dxc6 Bc8 25. Rxa7 Rxa7 26. Qxa7 Qxc2 27. Qc5
Rd8 28. Qxe5 Rd1 29. Qe3 Rxe1+ 30. Qxe1 Qf5 31. Qe2 Qe6 32. Qxb5 Qe1+ 33. Qf1
Qxc3 34. b5 Be6 35. Be3 Bc4 36. Qb1 Bd3 37. Qc1 Qxc1+ 38. Bxc1 Bxb5 39. c7 Ba6
40. h4 h5 41. Kh2 f5 42. Kg3 Kf7 43. Kf4 g6 44. Ke5 Bb7 45. Bg5 Ba6 46. Kd6 Bc8
47. g3 Be6 48. Kc6 Bc8 49. Kb6 Ke8 1/2-1/2

[Event "61st World Juniors 2024"]
[Site "Gandhinagar IND"]
[Date "2024.06.07"]
[Round "6.57"]
[White "Mankga, Thabang"]
[Black "Dhami, Dipak"]
[Result "1/2-1/2"]
[WhiteElo "1817"]
[BlackElo "1702"]
[WhiteFideId "14334798"]
[BlackFideId "12325899"]
[EventDate "2024.06.02"]

1. d4 d5 2. Bf4 c5 3. e3 Nc6 4. Nf3 Bf5 5. c3 e6 6. Nbd2 Nf6 7. Bb5 Qb6 8. Qa4
Be7 9. Ne5 Rc8 10. Bg5 h6 11. Bh4 g5 12. Bg3 Nh5 13. O-O f6 14. Nxc6 bxc6 15.
Ba6 Rd8 16. b4 cxb4 17. c4 Nxg3 18. c5 Qc7 19. hxg3 Rb8 20. Rfe1 O-O 21. e4 dxe4
22. Nxe4 Rfd8 23. Rad1 b3 24. axb3 e5 25. Qc4+ Kg7 26. b4 Qd7 27. Nxf6 Bxf6 28.
dxe5 Qxd1 29. exf6+ Kxf6 30. Rxd1 Rxd1+ 31. Kh2 g4 32. Qf4 Re8 33. Qxh6+ Bg6 34.
Qf4+ Kg7 35. Bf1 Rxf1 36. Qd4+ Kh7 37. Qd7+ Kh6 38. Qd2+ Kh5 39. f3 Rh8 40. Qf4
Bf5 41. Qxf5+ Kh6 42. Qf6+ Kh7 43. Qf7+ Kh6 44. f4 Re1 45. Qf6+ Kh7 46. Qf7+ Kh6
47. Qf6+ Kh7 48. Qf7+ Kh6 49. Qf6+ Kh7 1/2-1/2

[Event "61st World Juniors 2024"]
[Site "Gandhinagar IND"]
[Date "2024.06.07"]
[Round "6.58"]
[White "BRUGETTE, Romain"]
[Black "Boricha Yohan"]
[Result "0-1"]
[WhiteElo "1655"]
[BlackElo "1811"]
[WhiteFideId "9700676"]
[BlackFideId "46672923"]
[EventDate "2024.06.02"]

1. d4 Nf6 2. c4 e6 3. Nc3 Bb4 4. e3 O-O 5. Bd3 d5 6. Ne2 b6 7. cxd5 exd5 8. O-O
Bb7 9. Qc2 Re8 10. Bd2 Bf8 11. Rac1 Nbd7 12. Rfe1 c5 13. b3 Rc8 14. dxc5 bxc5
15. Qb1 g6 16. Ng3 a6 17. Rcd1 Ne5 18. Be2 Bg7 19. Bc1 Qc7 20. Bb2 h5 21. f4 Nc6
22. Bf3 d4 23. exd4 Nxd4 24. Bxb7 Qxb7 25. Nce2 h4 26. Nxd4 cxd4 27. Ne2 h3 28.
gxh3 Nd5 29. Bc1 Rxe2 30. Rxe2 Nc3 31. Qd3 Nxd1 32. Qxd1 d3 33. Rg2 Bd4+ 34. Kh1
Rc2 0-1

[Event "61st World Juniors 2024"]
[Site "Gandhinagar IND"]
[Date "2024.06.07"]
[Round "6.61"]
[White "Alhejab, Meshal"]
[Black "Dhairya Amit Shroff"]
[Result "1/2-1/2"]
[WhiteElo "1837"]
[BlackElo "1459"]
[WhiteFideId "10302603"]
[BlackFideId "33402094"]
[EventDate "2024.06.02"]

1. e4 e6 2. d4 d5 3. Nc3 Bb4 4. e5 c5 5. a3 Bxc3+ 6. bxc3 Ne7 7. Qg4 cxd4 8.
Qxg7 Rg8 9. Qxh7 Qc7 10. Ne2 Nbc6 11. f4 Bd7 12. Qd3 dxc3 13. Qxc3 O-O-O 14. Be3
Be8 15. Nd4 Nf5 16. Nxf5 exf5 17. Bc5 d4 18. Qc4 Na5 19. Qb4 Nc6 20. Qd2 a6 21.
Bd6 Qb6 22. Bd3 Bd7 23. Kf2 Na7 24. Rab1 Qc6 25. g3 Be6 26. Qa5 Rh8 27. Rb6 Qxh1
28. Qc5+ Nc6 29. h4 Qh2+ 30. Kf1 Qh1+ 31. Kf2 Qh2+ 32. Kf1 Qh1+ 33. Kf2 Qh2+ 34.
Kf1 1/2-1/2

[Event "61st World Juniors 2024"]
[Site "Gandhinagar IND"]
[Date "2024.06.09"]
[Round "7.1"]
[White "Makarian, Rudik"]
[Black "Cardoso Cardoso, Jose Gabriel"]
[Result "1/2-1/2"]
[WhiteTitle "IM"]
[BlackTitle "GM"]
[WhiteElo "2524"]
[BlackElo "2497"]
[WhiteFideId "44105681"]
[BlackFideId "4430492"]
[EventDate "2024.06.02"]

1. d4 Nf6 2. c4 e6 3. Nf3 d5 4. g3 Bb4+ 5. Bd2 Be7 6. Bg2 O-O 7. O-O c6 8. Qc2
Nbd7 9. h4 a5 10. Bf4 b6 11. Nbd2 Bb7 12. e4 dxe4 13. Ng5 c5 14. d5 exd5 15.
cxd5 Nxd5 16. Ndxe4 Nxf4 17. gxf4 g6 18. Rad1 Qc7 19. h5 Nf6 20. hxg6 hxg6 21.
Ne6 Bxe4 22. Bxe4 fxe6 23. Bxa8 Kg7 24. Bg2 Qxf4 25. Qc3 e5 26. Rfe1 Ng4 27. Qg3
Qxg3 28. fxg3 c4 29. Rd7 Rf7 30. Rc7 Bb4 31. Rxf7+ Kxf7 32. Bd5+ Ke7 33. Re2
Bc5+ 34. Kg2 Ne3+ 35. Rxe3 Bxe3 36. Bxc4 Bc1 37. b3 1/2-1/2

[Event "61st World Juniors 2024"]
[Site "Gandhinagar IND"]
[Date "2024.06.09"]
[Round "7.2"]
[White "Nogerbek, Kazybek"]
[Black "De Silva, L M S T"]
[Result "1-0"]
[WhiteTitle "IM"]
[BlackTitle "IM"]
[WhiteElo "2502"]
[BlackElo "2364"]
[WhiteFideId "13710427"]
[BlackFideId "9953698"]
[EventDate "2024.06.02"]

1. d4 d5 2. c4 e6 3. Nf3 c5 4. cxd5 exd5 5. g3 Nf6 6. Bg2 Be7 7. O-O O-O 8. Nc3
Nc6 9. Bg5 c4 10. e3 Be6 11. Nd2 Rc8 12. b3 cxb3 13. Qxb3 Na5 14. Qb2 b5 15.
Bxf6 Bxf6 16. Rfc1 Rb8 17. Nb3 Nc4 18. Qe2 Qd6 19. Nc5 Na3 20. Nxe6 fxe6 21. Qg4
Kh8 22. Ne2 b4 23. Rc5 g5 24. Rac1 Nc4 25. Be4 a5 26. Bd3 Qxc5 27. dxc5 Ne5 28.
Qxe6 Nxd3 29. Rb1 Nxc5 30. Qxd5 Na4 31. Qxa5 Nc3 32. Nxc3 bxc3 33. Rxb8 Rxb8 34.
Qc5 Kg8 35. a4 Rb2 36. a5 c2 37. Kg2 Ra2 38. a6 Kg7 39. a7 c1=Q 40. Qxc1 Rxa7
41. Qc4 Re7 42. h3 Re8 43. Qg4 Kg6 44. e4 Re5 45. f4 h5 46. Qd7 gxf4 47. gxf4
Ra5 48. Qe8+ Kh6 49. e5 Bg7 50. Qe6+ Kh7 51. Qf5+ 1-0

[Event "61st World Juniors 2024"]
[Site "Gandhinagar IND"]
[Date "2024.06.09"]
[Round "7.3"]
[White "Fromm, Marius"]
[Black "Grebnev, Aleksey"]
[Result "0-1"]
[WhiteTitle "IM"]
[BlackTitle "GM"]
[WhiteElo "2465"]
[BlackElo "2540"]
[WhiteFideId "12993190"]
[BlackFideId "34189030"]
[EventDate "2024.06.02"]

1. e4 c5 2. Nf3 d6 3. d4 cxd4 4. Qxd4 Nc6 5. Qd3 g6 6. Nc3 Bg7 7. Be2 Nf6 8. Nd5
O-O 9. c3 Nd7 10. O-O Nc5 11. Qc2 e6 12. Ne3 f5 13. exf5 gxf5 14. g3 d5 15. Rd1
b6 16. Ng2 Bb7 17. Be3 Rc8 18. Nd4 Qe7 19. Nxc6 Bxc6 20. f4 Ba4 21. b3 Bd7 22.
Bd4 Ne4 23. c4 dxc4 24. bxc4 Ba4 25. Qxa4 Bxd4+ 26. Rxd4 Qc5 27. Qd7 Rf7 28.
Qxc8+ Qxc8 29. Rad1 Qc5 30. Ne3 Nc3 0-1

[Event "61st World Juniors 2024"]
[Site "Gandhinagar IND"]
[Date "2024.06.09"]
[Round "7.4"]
[White "Pranav, Anand"]
[Black "Ilamparthi, A R"]
[Result "1-0"]
[WhiteTitle "GM"]
[BlackTitle "IM"]
[WhiteElo "2540"]
[BlackElo "2446"]
[WhiteFideId "46626786"]
[BlackFideId "45015775"]
[EventDate "2024.06.02"]

1. d4 Nf6 2. c4 g6 3. Nc3 Bg7 4. e4 d6 5. h3 O-O 6. Be3 c5 7. Nf3 Qa5 8. Bd3
cxd4 9. Nxd4 Nc6 10. O-O Nxd4 11. Bxd4 Bd7 12. Re1 Bc6 13. Qd2 Rfc8 14. a3 Qd8
15. Rad1 a5 16. b4 axb4 17. axb4 Bd7 18. e5 dxe5 19. Bxe5 Be6 20. Qb2 Qf8 21. c5
Rd8 22. Qe2 Nh5 23. Bc2 Ra3 24. Bxg7 Nxg7 25. Nb5 Ra2 26. Nd4 Bd5 27. Qe3 Ne6
28. Nxe6 Bxe6 29. Be4 Rb2 30. Qa3 Rb3 31. Qa5 Ra8 32. Qb6 Qh6 33. Bxb7 Ra2 34.
Rxe6 Qf4 35. c6 Rxb4 36. Qe3 fxe6 37. Qxe6+ Kg7 38. Qxa2 1-0

[Event "61st World Juniors 2024"]
[Site "Gandhinagar IND"]
[Date "2024.06.09"]
[Round "7.5"]
[White "Quizon, Daniel"]
[Black "Dudin, Gleb"]
[Result "1-0"]
[WhiteTitle "IM"]
[BlackTitle "GM"]
[WhiteElo "2448"]
[BlackElo "2532"]
[WhiteFideId "5217911"]
[BlackFideId "34184934"]
[EventDate "2024.06.02"]

1. e4 c5 2. Nc3 Nc6 3. Nge2 g6 4. d4 cxd4 5. Nxd4 Bg7 6. Be3 Nf6 7. Nxc6 bxc6 8.
e5 Ng8 9. Bd4 Qa5 10. f4 f6 11. e6 d5 12. Qe2 Rb8 13. O-O-O c5 14. Bxc5 Qxc5 15.
Rxd5 Qc7 16. Qe4 Bh6 17. Rd4 Kf8 18. Bc4 f5 19. Qe3 Nf6 20. Rhd1 Kg7 21. g3 Rf8
22. Bb3 Kh8 23. Rc4 Qb6 24. Qe5 Ra8 25. Rc7 Bg7 26. Rxe7 Nh5 27. Rxg7 Nxg7 28.
e7 Re8 29. Nd5 Qc5 30. Nc7 Qxe5 31. fxe5 Bb7 32. Nxa8 Bxa8 33. Ba4 1-0

[Event "61st World Juniors 2024"]
[Site "Gandhinagar IND"]
[Date "2024.06.09"]
[Round "7.6"]
[White "Ohanyan, Emin"]
[Black "Pham Tran Gia Phuc"]
[Result "1-0"]
[WhiteTitle "GM"]
[BlackTitle "FM"]
[WhiteElo "2501"]
[BlackElo "2444"]
[WhiteFideId "13312022"]
[BlackFideId "12415669"]
[EventDate "2024.06.02"]

1. e4 c5 2. d4 cxd4 3. Qxd4 Nc6 4. Qd3 Nf6 5. Nc3 g6 6. Nf3 Bg7 7. Be2 O-O 8.
O-O d6 9. Nd5 Bg4 10. c3 Nxd5 11. exd5 Bxf3 12. Qxf3 Ne5 13. Qg3 Qa5 14. Rd1
Rac8 15. h4 b5 16. Bg5 b4 17. Bxe7 Rfe8 18. Bg5 bxc3 19. bxc3 Qxc3 20. Bb5 Qxg3
21. fxg3 Ng4 22. Bxe8 Rxe8 23. Rac1 h6 24. Bf4 Re4 25. Bxd6 Bd4+ 26. Rxd4 Rxd4
27. Bc5 Rxd5 28. Bxa7 f6 29. Bc5 Rd2 30. Ra1 Rc2 31. Ba7 Rc7 32. Bb6 Rc6 33. Rb1
Rc3 34. Ra1 Rc6 35. Bf2 Rc2 36. Ba7 Rc7 37. Bb8 Rc8 38. Bd6 Rc6 39. Bb8 Rc8 40.
Bd6 Rc6 41. Bb4 Rc4 42. Be1 Ra4 43. a3 g5 44. Bb4 gxh4 45. gxh4 h5 46. Rc1 Kf7
47. Rc5 Ne5 48. Ra5 Rxa5 49. Bxa5 Ke6 50. Bc3 Ng6 51. Be1 f5 52. a4 Kd5 53. a5
Kc5 54. Kf1 Kb5 55. Ke2 Kc5 56. Ke3 Kb5 57. Kd4 Ka6 58. Kc4 Kb7 59. Kd4 Ka6 60.
Ke3 Kb5 61. Kf3 Ka6 62. g3 Kb5 63. Bd2 Ka6 64. Ke2 Ne5 65. Ke3 Nc6 66. Kf4 Nd4
67. Be1 Kb5 68. Bf2 1-0

[Event "61st World Juniors 2024"]
[Site "Gandhinagar IND"]
[Date "2024.06.09"]
[Round "7.7"]
[White "Nandish V S"]
[Black "Gharibyan, Mamikon"]
[Result "0-1"]
[BlackTitle "GM"]
[WhiteElo "1981"]
[BlackElo "2492"]
[WhiteFideId "45084297"]
[BlackFideId "13308300"]
[EventDate "2024.06.02"]

1. d4 Nf6 2. c4 e6 3. Nc3 Bb4 4. e3 O-O 5. Ne2 c6 6. a3 Ba5 7. Ng3 d5 8. Qc2
Nbd7 9. Be2 Bc7 10. O-O h5 11. Rd1 h4 12. Nf1 h3 13. g3 e5 14. cxd5 Nxd5 15. e4
exd4 16. exd5 dxc3 17. dxc6 bxc6 18. Qxc3 Qe7 19. Be3 Qe4 20. f3 Qg6 21. Bd3 Qe6
22. Bc4 Qf5 23. Bd4 Ne5 24. Be2 Re8 25. f4 Qe4 26. Ne3 Nf3+ 27. Bxf3 Qxf3 28.
Rf1 Qe4 29. Bc5 Ba6 30. Rf2 Bb6 31. Bxb6 axb6 32. Ng4 c5 33. Ne5 Bb7 34. Nf3
Rad8 35. Raf1 Rd3 36. Qc1 Qd5 37. Qb1 Ree3 38. Ng5 0-1

[Event "61st World Juniors 2024"]
[Site "Gandhinagar IND"]
[Date "2024.06.09"]
[Round "7.8"]
[White "Budisavljevic, Luka"]
[Black "Prraneeth, Vuppala"]
[Result "1-0"]
[WhiteTitle "GM"]
[BlackTitle "GM"]
[WhiteElo "2468"]
[BlackElo "2436"]
[WhiteFideId "960047"]
[BlackFideId "46622373"]
[EventDate "2024.06.02"]

1. d4 d5 2. c4 e6 3. Nf3 Nf6 4. Nc3 Bb4 5. cxd5 exd5 6. Bg5 h6 7. Bh4 O-O 8. e3
Bf5 9. Qb3 Bxc3+ 10. bxc3 Nbd7 11. Be2 c5 12. dxc5 Nxc5 13. Qb4 Nce4 14. Nd4 Bh7
15. O-O Qc7 16. Rfc1 Rfc8 17. c4 g5 18. Bg3 Nxg3 19. hxg3 Qb6 20. Qa3 dxc4 21.
Bxc4 Rc7 22. Bb3 Rac8 23. Rxc7 Qxc7 24. Rd1 Qc5 25. Qb2 Qe5 26. Rc1 Rxc1+ 27.
Qxc1 Kg7 28. Qc3 Qe7 29. f3 Bg6 30. e4 Kh7 31. Kh2 a6 32. Nc2 Ne8 33. Ne3 Qc7
34. Qd4 Qd6 35. Nd5 f6 36. f4 Bf7 37. e5 fxe5 38. fxe5 Qd7 39. Qe4+ Bg6 40. Qb4
Bf7 41. Qf8 1-0

[Event "61st World Juniors 2024"]
[Site "Gandhinagar IND"]
[Date "2024.06.09"]
[Round "7.9"]
[White "Siddharth, Jagadeesh"]
[Black "Stribuk, Artiom"]
[Result "1/2-1/2"]
[WhiteTitle "IM"]
[BlackTitle "IM"]
[WhiteElo "2525"]
[BlackElo "2422"]
[WhiteFideId "5818320"]
[BlackFideId "13515659"]
[EventDate "2024.06.02"]

1. e4 c5 2. Nf3 d6 3. d4 cxd4 4. Nxd4 Nf6 5. Nc3 Nc6 6. Bg5 e6 7. Qd2 a6 8.
O-O-O Be7 9. h4 Nxd4 10. Qxd4 h6 11. Be3 b5 12. e5 dxe5 13. Qxe5 Bd7 14. Ne4
Nxe4 15. Qxe4 Rc8 16. Bf4 Qb6 17. Be5 Bf6 18. Bxf6 gxf6 19. Rh3 Ke7 20. Rhd3
Rhd8 21. Qb4+ Qc5 22. Qd2 Qc7 23. Ra3 Qc5 24. Rxa6 Bc6 25. Qe3 Rxd1+ 26. Kxd1
Bf3+ 27. Ke1 Qxc2 28. Qa3+ Rc5 29. gxf3 Qc1+ 30. Ke2 Qc2+ 31. Ke1 Qc1+ 32. Ke2
Qc2+ 33. Ke1 1/2-1/2

[Event "61st World Juniors 2024"]
[Site "Gandhinagar IND"]
[Date "2024.06.09"]
[Round "7.11"]
[White "Aswath, S"]
[Black "Avila Pavas, Santiago"]
[Result "1/2-1/2"]
[WhiteTitle "IM"]
[BlackTitle "GM"]
[WhiteElo "2352"]
[BlackElo "2495"]
[WhiteFideId "46694919"]
[BlackFideId "4437128"]
[EventDate "2024.06.02"]

1. d4 Nf6 2. c4 e6 3. g3 Bb4+ 4. Bd2 Be7 5. Bg2 d5 6. Nf3 O-O 7. O-O Nbd7 8. Bc3
Ne4 9. Qb3 c6 10. Nbd2 Nxc3 11. bxc3 b6 12. cxd5 cxd5 13. c4 Bb7 14. Rfc1 Rb8
15. a4 a6 16. Qd3 Bb4 17. cxd5 Bxd5 18. Nc4 b5 19. axb5 axb5 20. Nce5 Bxf3 21.
Nxf3 Bd6 22. Ra6 Rb6 23. Rxb6 Qxb6 24. Ng5 Nf6 25. Rc6 Qb8 26. Qb3 Re8 27. e4 h6
28. e5 hxg5 29. Rxd6 Ng4 30. h3 Nh6 31. Be4 b4 32. Rd7 Qb6 33. Qc4 Rb8 34. Rb7
Qd8 35. Qxb4 Rc8 36. Kg2 g4 37. hxg4 Nxg4 38. Qb2 Nh6 39. Qd2 Kf8 40. Kh3 Rc4
41. Qb2 Rc8 42. d5 exd5 43. e6 Qd6 44. e7+ Kg8 45. Qb6 Qxb6 46. Rxb6 dxe4 47.
Rd6 Re8 48. Rd8 f5 49. Rxe8+ Kf7 50. Ra8 Kxe7 51. Kh4 Nf7 52. Kh5 Ne5 53. Kg5 g6
54. Ra6 Kf7 55. Ra7+ Ke6 56. Rg7 Kd6 57. Kf6 Ng4+ 58. Kxg6 Ke6 59. Ra7 Nxf2 60.
Ra6+ Ke5 61. Ra5+ Ke6 62. Ra6+ Ke5 63. Ra5+ Ke6 64. Rxf5 e3 65. Rf3 Ng4 66. Rf4
Kd5 67. Rf1 Ke4 68. Kg5 Nf2 69. g4 e2 70. Re1 Kf3 71. Kf5 Nxg4 72. Rxe2 1/2-1/2

[Event "61st World Juniors 2024"]
[Site "Gandhinagar IND"]
[Date "2024.06.09"]
[Round "7.12"]
[White "Koelle, Tobias"]
[Black "Saryyev, Azym"]
[Result "1-0"]
[WhiteTitle "IM"]
[WhiteElo "2470"]
[BlackElo "1999"]
[WhiteFideId "16207378"]
[BlackFideId "14004801"]
[EventDate "2024.06.02"]

1. d4 Nf6 2. Nf3 e6 3. Bf4 c5 4. e3 d5 5. Nbd2 Nc6 6. c3 Bd6 7. Bg3 O-O 8. Bd3
b6 9. e4 dxe4 10. Nxe4 Nxe4 11. Bxe4 Bb7 12. Qa4 Rc8 13. dxc5 Bxg3 14. hxg3 f5
15. Bc2 bxc5 16. Bb3 Kh8 17. Qf4 Qf6 18. O-O-O c4 19. Qxc4 Ne5 20. Qh4 Qxh4 21.
Nxh4 g5 22. Ng6+ Nxg6 23. Rd7 Rf6 24. Rhxh7+ Kg8 25. Rxb7 a5 26. Rbg7+ 1-0